000
00196 a2200097 4500
001
51164
100
_a
Berry R E
245
_a
A Book on C
260
_a
H Y
_b
Macmillan
_c
090
_c
32398
_d
32398
942
_a
NUST-CAE
_c
M
_c
24889
999
_c
286237
_d
286237